00894cam a22002531 450000100060000000300080000600500170001400800390003103500190007003500180008904000410010704100080014808200200015610000390017624500520021526000840026730000200035149000430037150400260041460000380044094200120047899900170049095201330050717014BD-RjUL20211209000057.0140216r19681963xx 001 0 eng a(BD-RjUL)17071 a(OCoLC)359990 aDLCcODaWUdOCoLCdDLCdBD-RjULbeng aeng04a813.5bDAG 19681 aDaiches, David,d1912-2005.95248610aGeorge Eliot : bMiddlemarch /c David Daiches. aGreat Neck, N.Y. :bBarron's Educational Series, inc.,cc1963 [Reprinted 1968]. a72 p. ;c20 cm.0 aStudies in English literature,vno. 11 aBibliography: p. [70]10aEliot, George,d1819-1880.952491 2ddccBK c17014d17014 00102ddc40718NFICaRUCLbRUCLcReadingd1969-11-27eZeitg10.60l0o813.5 DAG 1968r2014-02-16 00:00:00tC-1w2014-02-16yBK